00773nam a2200205 a 4500001001000000005001700010008004100027020001500068050002200083100002200105245012900127260005500256300004200311500006200353504003200415650004300447650004000490700002000530700001700550BRCA_234520190320203753.0091008s1994----caua---###---#000-0#eng-# a0295973722 4aNK4027b.R56 19941 aRindge, Ronald L.10aCeramic Art of the Malibu Potteries 1926-1932cby Ronald L. Rindge and Thomas W. Doyle ... [et al.] ; edited by Marcia Page. aMalibu, CaliforniabThe Malibu Lagoon Museumc1994 a130 p.bil. (algunas a color)c27 cm. aIncluye índice de números e índice de ilustraciones aBibliografía : p. 123-12414aCerámica americanaySiglo XXzMalibu14aMosaicoxHistoriaySiglo XXzMalibu1 aDoyle, Thomas W1 aPage, Marcia